000 01355cam a22003854i 4500
003 PE-LiUPU
005 20250731184100.0
008 150623s r 000 0 d
020 _a8481301868
035 _a(Sirsi) i9788481301861
040 _aPE-LiUPU
_bspa
_cPE-LiUPU
_erda
049 _aPRUA
082 0 4 _a808.83
_bG17
_221
100 1 _aRico, Francisco,
_eed,
_eautor.
245 1 0 _aLazarillo de Tormes.
264 1 _aLima (i.e) Barcelona :
_bEl Comercio,
_c2000.
300 _a95 páginas ;
_c21 centímetros
336 _atext
_2rdacontent
337 _aunmediated
_2rdamedia
338 _avolume
_2rdacarrier
490 0 _aGran Biblioteca Universal de 'El Comercio ;
_v17
505 0 _aLazarillo de Tormes.
526 _aP145
526 _aP127
526 _aP97
526 _aP14
526 _aP07
650 0 4 _aNovelas españolas
_yEdad de Oro, 1500-1700.
942 _2ddc
_cBOOK
949 _a808.83 G17
_wDEWEY
_c1
_i48414
_d2016-12-4
_e2016-12-1
_lCCODEBUL1
_mBUL
_n10
_r0
_sY
_tBOOK
_u2015-6-24
_xEDUCACION
_zUNKNOWN
_0COMPRA
_o.STAFF. Colección General
994 _aC0
_bPEPRU
596 _a1
999 _a808.83 G17
_wDEWEY
_c27106
_i48414
_d27106
_e2016-12-1
_f2021-11-5
_g5
_lCCODEBUL1
_mBUL
_n10
_r0
_sY
_tBOOK
_u2015-6-24
_xBIBLIOTECA
_zUNKNOWN
_0COMPRA
_o.STAFF. Colección General
980 _81
_gALBERTO SANCHEZ Responsable de Automatización